|
|
|
|
| LEADER |
00000caa a2200000 c 4500 |
| 001 |
114235136X |
| 003 |
DE-627 |
| 005 |
20241204204625.0 |
| 007 |
tu |
| 008 |
990118s1998 xx ||||| 00| ||eng c |
| 020 |
|
|
|a 3789057363
|
| 035 |
|
|
|a (DE-627)114235136X
|
| 035 |
|
|
|a (DE-576)072351365
|
| 035 |
|
|
|a (DE-599)BSZ072351365
|
| 040 |
|
|
|a DE-627
|b ger
|c DE-627
|e rakwb
|
| 041 |
|
|
|a eng
|
| 100 |
1 |
|
|a Bruinsma, Freek
|d 1947-
|0 (DE-588)14226170X
|0 (DE-627)635205483
|0 (DE-576)329781545
|4 aut
|
| 109 |
|
|
|a Bruinsma, Freek 1947-
|a Bruinsma, Fred 1947-
|a Bruinsma, Johan Frederik 1947-
|a Bruinsma, Fred J. 1947-
|a Bruinsma, J. F. 1947-
|
| 245 |
1 |
0 |
|a Dutch internal legal culture
|c Freek Bruinsma
|
| 264 |
|
1 |
|c 1998
|
| 336 |
|
|
|a Text
|b txt
|2 rdacontent
|
| 337 |
|
|
|a ohne Hilfsmittel zu benutzen
|b n
|2 rdamedia
|
| 338 |
|
|
|a Band
|b nc
|2 rdacarrier
|
| 689 |
0 |
0 |
|d g
|0 (DE-588)4042203-3
|0 (DE-627)104400765
|0 (DE-576)209049030
|a Niederlande
|2 gnd
|
| 689 |
0 |
1 |
|d s
|0 (DE-588)4436016-2
|0 (DE-627)22262115X
|0 (DE-576)21242209X
|a Rechtskultur
|2 gnd
|
| 689 |
0 |
|
|5 (DE-627)
|
| 773 |
0 |
8 |
|i In
|t Soziologie des Rechts
|b 1. Aufl.
|d Baden-Baden : Nomos-Verlagsgesellschaft, 1998
|g (1998), Seite 369-379
|h XVI, 711 S.
|w (DE-627)248999990
|w (DE-576)069038937
|z 3789057363
|7 nnam
|
| 773 |
1 |
8 |
|g year:1998
|g pages:369-379
|
| 889 |
|
|
|w (DE-576)455957673
|
| 889 |
|
|
|w (DE-627)641990863
|
| 889 |
|
|
|w (DE-627)1525957678
|
| 935 |
|
|
|a mkri
|
| 935 |
|
|
|i mdedup
|
| 951 |
|
|
|a AR
|
| ELC |
|
|
|b 1
|
| LOK |
|
|
|0 000 xxxxxcx a22 zn 4500
|
| LOK |
|
|
|0 001 2344729186
|
| LOK |
|
|
|0 003 DE-627
|
| LOK |
|
|
|0 004 114235136X
|
| LOK |
|
|
|0 005 20100508133906
|
| LOK |
|
|
|0 008 990125||||||||||||||||ger|||||||
|
| LOK |
|
|
|0 040
|a DE-21-24
|c DE-627
|d DE-21-24
|
| LOK |
|
|
|0 689
|a s
|a Rechtskultur (Niederlande)
|
| LOK |
|
|
|0 852
|a DE-21-24
|
| LOK |
|
|
|0 852 1
|c In: C,VIf,246
|m p
|9 00
|
| LOK |
|
|
|0 935
|a uwfe
|
| LOK |
|
|
|0 936ln
|a In: C,VIf,
|
| LOK |
|
|
|0 938
|k p
|
| LOK |
|
|
|0 939
|a 25-01-99
|b l01
|
| LOK |
|
|
|0 000 xxxxxcx a22 zn 4500
|
| LOK |
|
|
|0 001 2899442864
|
| LOK |
|
|
|0 003 DE-627
|
| LOK |
|
|
|0 004 114235136X
|
| LOK |
|
|
|0 005 20251201115848
|
| LOK |
|
|
|0 008 160208||||||||||||||||ger|||||||
|
| LOK |
|
|
|0 040
|a DE-21-110
|c DE-627
|d DE-21-110
|
| LOK |
|
|
|0 689
|a g
|a Niederlande
|
| LOK |
|
|
|0 689
|a s
|a Kriminalpolitik
|
| LOK |
|
|
|0 689
|a s
|a Vergleich
|
| LOK |
|
|
|0 689
|a s
|a Rechtskultur
|
| LOK |
|
|
|0 689
|a s
|a Punitivität
|
| LOK |
|
|
|0 689
|a s
|a Rechtskulturen
|
| LOK |
|
|
|0 852
|a DE-21-110
|
| LOK |
|
|
|0 852 1
|m p
|9 00
|
| LOK |
|
|
|0 935
|a k110
|
| LOK |
|
|
|0 938
|k p
|
| LOK |
|
|
|0 939
|a 08-02-16
|b l01
|
| ORI |
|
|
|a SA-MARC-krimdoka001.raw
|
| TIM |
|
|
|a 100018150101_100020261231
|b 1815 - 2026
|